000 00631nam a2200193 i 4500
001 142030
003 ES-MaACL
005 20230906200428.0
007 t|
008 071002s1965 sp ||||1| spa d
100 1 _aWalgrave, J. H.
_9115914
245 1 3 _aLa filosofía de Ortega y Gasset /
_cJ.H. Walgrave ; traducción del holandés por Luis G. Daal.
260 _aMadrid :
_bRevista de Occidente,
_c1965.
300 _a334 p. ;
_c20 cm.
600 1 4 _aOrtega y Gasset, José,
_d1883-1955-
_xCrítica e interpretación
_987505
700 1 _aDaal, Luis G.
_942394
852 _aES-MaACL
_jF-7286
999 _c142030
_d142030